[Event "London Classic op 10th"]
[Site "London"]
[Date "2018.12.13"]
[Round "5"]
[White "Eche, Sylvain"]
[Black "Orishko, Ostap"]
[Result "1-0"]
[WhiteElo "2136"]
[BlackElo "1897"]
[PlyCount "71"]
[EventDate "2018.12.09"]
[EventType "swiss"]
[EventRounds "9"]
[EventCountry "ENG"]
[SourceTitle "CBM 187 Extra"]
[Source "ChessBase"]
[SourceDate "2018.11.04"]
[SourceVersion "1"]
[SourceVersionDate "2018.11.04"]
[SourceQuality "1"]

1. e4 c5 2. Nf3 e6 3. d4 cxd4 4. Nxd4 Nc6 5. Nc3 Qc7 6. g3 a6 7. Bg2 Bb4 8. 0-0 h5 9. Nce2 Nf6 10. c3 Be7 11. Bg5 Ng4 12. Bxe7 Nxe7 13. h3 Ne5 14. b3 N5c6 15. Qd2 b6 16. Qg5 Rh7 17. Rad1 Bb7 18. Qe3 0-0-0 19. c4 d6 20. Rd2 Nxd4 21. Nxd4 e5 22. Ne2 f5 23. Rfd1 h4 24. b4 hxg3 25. fxg3 fxe4 26. g4 Kb8 27. c5 bxc5 28. bxc5 d5 29. Bxe4 Rhh8 30. Bg2 d4 31. Qb3 Ka8 32. Qa3 Ka7 33. Bxb7 Qxb7 34. Rb2 Qe4 35. Rd3 Rb8 36. Qxa6+ 1-0

[Event "London Classic op 10th"]
[Site "London"]
[Date "2018.12.12"]
[Round "4"]
[White "Orishko, Ostap"]
[Black "Tunbak, Hakkhihan"]
[Result "1-0"]
[WhiteElo "1897"]
[BlackElo "1195"]
[PlyCount "33"]
[EventDate "2018.12.09"]
[EventType "swiss"]
[EventRounds "9"]
[EventCountry "ENG"]
[SourceTitle "CBM 187 Extra"]
[Source "ChessBase"]
[SourceDate "2018.11.04"]
[SourceVersion "1"]
[SourceVersionDate "2018.11.04"]
[SourceQuality "1"]

1. d4 d5 2. c4 Nf6 3. cxd5 Nxd5 4. e4 Nb6 5. Nc3 e6 6. Be3 Be7 7. Qg4 e5 8. Qxg7 Bf6 9. Qg3 exd4 10. Rd1 c5 11. Nb5 Ke7 12. e5 Bxe5 13. Qxe5+ Be6 14. Bg5+ f6 15. Bxf6+ Kd7 16. Qd6+ Kc8 17. Bxd8 1-0

[Event "London Classic op 10th"]
[Site "London"]
[Date "2018.12.10"]
[Round "2"]
[White "Orishko, Ostap"]
[Black "Bates, Caspar J"]
[Result "0-1"]
[WhiteElo "1897"]
[BlackElo "2113"]
[PlyCount "80"]
[EventDate "2018.12.09"]
[EventType "swiss"]
[EventRounds "9"]
[EventCountry "ENG"]
[SourceTitle "CBM 187 Extra"]
[Source "ChessBase"]
[SourceDate "2018.11.04"]
[SourceVersion "1"]
[SourceVersionDate "2018.11.04"]
[SourceQuality "1"]

1. d4 Nf6 2. c4 e6 3. Nf3 Bb4+ 4. Bd2 Qe7 5. e3 b6 6. Bxb4 Qxb4+ 7. Qd2 Qe7 8. Nc3 Bb7 9. Bd3 0-0 10. 0-0-0 d5 11. Rhe1 dxc4 12. Bxc4 a6 13. e4 b5 14. Bd3 Nbd7 15. e5 Nd5 16. Ng5 h6 17. Nge4 c5 18. dxc5 Nxc5 19. Nd6 Nxd3+ 20. Qxd3 Nxc3 21. bxc3 Bd5 22. Kb2 Qh4 23. Qd4 Qxd4 24. cxd4 Bxg2 25. Rc1 f6 26. Rg1 Bh3 27. Rc7 g5 28. f4 fxe5 29. fxg5 Rf2+ 30. Kb3 h5 31. dxe5 Bg2 32. Rc2 Bd5+ 33. Kb2 Rxc2+ 34. Kxc2 Rf8 35. Rd1 Rf2+ 36. Rd2 Rxd2+ 37. Kxd2 Bxa2 38. h4 b4 39. Nb7 Kg7 40. Na5 Bd5 0-1

[Event "London Classic op U2050-B 8th"]
[Site "London"]
[Date "2016.12.15"]
[Round "4"]
[White "Orishko, Ostap"]
[Black "Press, Shaun"]
[Result "1/2-1/2"]
[WhiteElo "1927"]
[BlackElo "1994"]
[PlyCount "61"]
[EventDate "2016.12.12"]
[EventType "swiss"]
[EventRounds "5"]
[EventCountry "ENG"]
[SourceTitle "EXT 2019"]
[Source "ChessBase"]
[SourceDate "2018.10.10"]
[SourceVersion "1"]
[SourceVersionDate "2018.10.10"]
[SourceQuality "1"]

1. c4 Nf6 2. Nc3 d5 3. cxd5 Nxd5 4. e4 Nxc3 5. bxc3 g6 6. Nf3 Bg7 7. Bc4 0-0 8. 0-0 c5 9. Rb1 Qc7 10. Ba3 b6 11. Bd5 Nc6 12. Qa4 Bd7 13. Qc2 Bg4 14. Qd3 Rad8 15. Qe3 Na5 16. Bb3 Bxf3 17. gxf3 Nxb3 18. axb3 Be5 19. d4 cxd4 20. cxd4 Bxd4 21. Qg5 Bf6 22. Qe3 Rfe8 23. f4 e6 24. Rbc1 Qb7 25. Rfd1 Rxd1+ 26. Rxd1 Rc8 27. Rd3 Qc7 28. Qe1 Qxf4 29. Qb4 Be5 30. h3 Qh2+ 31. Kf1 1/2-1/2

[Event "London Classic op U2050-B 8th"]
[Site "London"]
[Date "2016.12.14"]
[Round "3"]
[White "Orishko, Ostap"]
[Black "Barton, R Alan"]
[Result "0-1"]
[WhiteElo "1927"]
[BlackElo "2024"]
[PlyCount "116"]
[EventDate "2016.12.12"]
[EventType "swiss"]
[EventRounds "5"]
[EventCountry "ENG"]
[SourceTitle "EXT 2019"]
[Source "ChessBase"]
[SourceDate "2018.10.10"]
[SourceVersion "1"]
[SourceVersionDate "2018.10.10"]
[SourceQuality "1"]

1. d4 c5 2. e4 e6 3. Nf3 a6 4. c3 b5 5. Bg5 Be7 6. Bxe7 Qxe7 7. dxc5 Qxc5 8. Qd4 Qxd4 9. cxd4 Bb7 10. Nbd2 Ne7 11. Bd3 d6 12. Rc1 Nd7 13. 0-0 Rc8 14. Rxc8+ Bxc8 15. Rc1 Nb6 16. Rc7 Kd8 17. Rc1 h6 18. e5 d5 19. Nb3 Na4 20. Rc2 g5 21. g4 Kd7 22. Kg2 Nc6 23. a3 Bb7 24. Kg3 Rg8 25. Nc1 Na5 26. b3 Nb6 27. h4 Bc6 28. hxg5 hxg5 29. Ng1 Nb7 30. f4 gxf4+ 31. Kxf4 Rh8 32. Nf3 Nd8 33. Ne2 Rh1 34. Ra2 Rd1 35. Bc2 Rf1 36. Ke3 Rh1 37. Ng3 Rh3 38. Kf4 a5 39. g5 a4 40. Kg4 axb3 41. Bxb3 Rh8 42. Nh5 Nc4 43. Nf6+ Kc7 44. Kf4 Nb7 45. Rh2 Rxh2 46. Nxh2 Nxa3 47. Nhg4 Kd8 48. Nh6 Ke7 49. Ke3 Na5 50. Bd1 b4 51. Bh5 b3 52. Bxf7 N5c4+ 53. Ke2 b2 54. Bg6 Ba4 55. Bb1 Nxb1 56. g6 Nc3+ 57. Kf3 b1Q 58. g7 Qf1+ 0-1

[Event "London Classic op U2050-B 8th"]
[Site "London"]
[Date "2016.12.13"]
[Round "2"]
[White "Salewski, Bernd"]
[Black "Orishko, Ostap"]
[Result "0-1"]
[WhiteElo "2029"]
[BlackElo "1927"]
[PlyCount "82"]
[EventDate "2016.12.12"]
[EventType "swiss"]
[EventRounds "5"]
[EventCountry "ENG"]
[SourceTitle "EXT 2019"]
[Source "ChessBase"]
[SourceDate "2018.10.10"]
[SourceVersion "1"]
[SourceVersionDate "2018.10.10"]
[SourceQuality "1"]

1. d4 Nf6 2. Nc3 d6 3. e4 g6 4. Bg5 h6 5. Be3 c6 6. Qd2 Nbd7 7. f3 b5 8. Bd3 Bb7 9. Nge2 e5 10. b3 a6 11. Nd1 d5 12. c3 Qc7 13. Nf2 c5 14. Rd1 Rd8 15. 0-0 Bd6 16. g3 h5 17. Bg5 exd4 18. cxd4 cxd4 19. e5 Bxe5 20. f4 Bd6 21. Nxd4 0-0 22. Qb2 Be7 23. Rfe1 Rde8 24. f5 Ne4 25. Bh6 Bf6 26. Bxe4 dxe4 27. Bxf8 Kxf8 28. Qa3+ Kg7 29. fxg6 Kxg6 30. Nh3 Qb6 31. Nf4+ Kh7 32. Nfe2 Ne5 33. Kg2 Nf3 34. Rf1 Bxd4 35. Nxd4 Nxd4 36. Rxf7+ Kg8 37. Rxb7 Qxb7 38. Rxd4 e3+ 39. Kh3 e2 40. Qd6 e1Q 41. Qg6+ Qg7 0-1

[Event "BCF-ch U16"]
[Site "North Shields"]
[Date "2012.07.27"]
[Round "6.7"]
[White "Broadley, Henry"]
[Black "Orishko, Ostap"]
[Result "1-0"]
[WhiteElo "1898"]
[BlackElo "1950"]
[PlyCount "57"]
[EventDate "2012.07.23"]
[EventType "swiss"]
[EventRounds "7"]
[EventCountry "ENG"]
[SourceTitle "EXT 2023"]
[Source "ChessBase"]
[SourceDate "2022.10.05"]
[SourceVersion "1"]
[SourceVersionDate "2022.10.05"]
[SourceQuality "1"]

1. d4 d5 2. c4 c6 3. Nc3 Nf6 4. Nf3 dxc4 5. a4 Bf5 6. Ne5 e6 7. f3 h6 8. e4 Bh7 9. Be3 Nbd7 10. Nxc4 Bb4 11. Qb3 a5 12. Be2 Qe7 13. 0-0 0-0 14. Rfd1 Rfd8 15. Rac1 Ne8 16. Bf2 Nc7 17. Bg3 Rdc8 18. Kh1 b5 19. Ne3 Nb6 20. Bxc7 Rxc7 21. axb5 a4 22. Qc2 cxb5 23. Ncd5 Nxd5 24. Nxd5 Rxc2 25. Nxe7+ Bxe7 26. Rxc2 Bg5 27. Bxb5 Kf8 28. Ra1 Be3 29. Rxa4 1-0

[Event "BCF-ch U16"]
[Site "North Shields"]
[Date "2012.07.23"]
[Round "1.4"]
[White "Orishko, Ostap"]
[Black "Wang, Maria"]
[Result "1-0"]
[WhiteElo "1950"]
[BlackElo "1743"]
[PlyCount "95"]
[EventDate "2012.07.23"]
[EventType "swiss"]
[EventRounds "7"]
[EventCountry "ENG"]
[SourceTitle "EXT 2023"]
[Source "ChessBase"]
[SourceDate "2022.10.05"]
[SourceVersion "1"]
[SourceVersionDate "2022.10.05"]
[SourceQuality "1"]

1. d4 Nf6 2. c4 g6 3. Nc3 Bg7 4. e4 d6 5. Bg5 0-0 6. Qc2 e5 7. dxe5 dxe5 8. Nf3 Qe8 9. Be2 c6 10. 0-0-0 Qe7 11. h4 h6 12. Bxf6 Qxf6 13. h5 g5 14. Kb1 Na6 15. Rd2 Bg4 16. Nxe5 Bxe2 17. Nd7 Qe7 18. Nxe2 Rfe8 19. f3 Nc5 20. Nxc5 Qxc5 21. Ng3 a5 22. Nf5 Bf8 23. Rhd1 a4 24. Rd7 b6 25. Qc3 Re6 26. a3 b5 27. Rd8 Rxd8 28. Rxd8 Kh7 29. Qd4 Qxd4 30. Nxd4 Rd6 31. Rxd6 Bxd6 32. cxb5 cxb5 33. Nxb5 Bb8 34. Nc3 Kg7 35. Nxa4 Kf6 36. Nc5 Bd6 37. Nd3 Be7 38. a4 g4 39. f4 Ke6 40. b4 f5 41. e5 Kd5 42. b5 Bd8 43. Kc2 Kc4 44. e6 Kd5 45. b6 Kxe6 46. a5 Kd5 47. Nb4+ Kc5 48. b7 1-0

[Event "Gatwick e2e4 int op-B"]
[Site "Gatwick"]
[Date "2011.10.29"]
[Round "7"]
[White "Georgiev, Ivan Georgiev"]
[Black "Orishko, Ostap"]
[Result "0-1"]
[WhiteElo "1821"]
[BlackElo "1833"]
[PlyCount "68"]
[EventDate "2011.10.26"]
[EventType "swiss"]
[EventRounds "9"]
[EventCountry "ENG"]
[SourceTitle "EXT 2014"]
[Source "ChessBase"]
[SourceDate "2013.11.20"]
[SourceVersion "1"]
[SourceVersionDate "2013.11.20"]
[SourceQuality "1"]

1. e4 c5 2. Nf3 d6 3. d4 cxd4 4. Nxd4 Nf6 5. Nc3 g6 6. Be3 Bg7 7. f3 a6 8. Qd2 Nbd7 9. Bc4 b5 10. Bb3 Bb7 11. a3 Rc8 12. Qf2 Ne5 13. Be6 Rxc3 14. bxc3 Qa5 15. Bb3 Qxc3+ 16. Ke2 Nc4 17. Rhd1 e5 18. Nxb5 axb5 19. Bxc4 Qxc2+ 20. Kf1 Qxc4+ 21. Kg1 d5 22. Rdc1 Qa4 23. exd5 Nxd5 24. Bg5 e4 25. Kh1 Bxa1 26. Rxa1 0-0 27. Bh6 Rc8 28. Qb2 Rc3 29. fxe4 Qxe4 30. Rd1 f6 31. Qxb5 Rc7 32. Qb3 Re7 33. h3 Kf7 34. Kh2 f5 0-1

[Event "Gatwick e2e4 int op-B"]
[Site "Gatwick"]
[Date "2011.10.29"]
[Round "6"]
[White "Orishko, Ostap"]
[Black "Boudkeev, Timour"]
[Result "1-0"]
[WhiteElo "1833"]
[BlackElo "1874"]
[PlyCount "61"]
[EventDate "2011.10.26"]
[EventType "swiss"]
[EventRounds "9"]
[EventCountry "ENG"]
[SourceTitle "EXT 2014"]
[Source "ChessBase"]
[SourceDate "2013.11.20"]
[SourceVersion "1"]
[SourceVersionDate "2013.11.20"]
[SourceQuality "1"]

1. d4 Nf6 2. c4 g6 3. g3 Bg7 4. Bg2 0-0 5. Nf3 d6 6. 0-0 Nbd7 7. Nc3 c5 8. h3 Rb8 9. e4 cxd4 10. Nxd4 Ne5 11. b3 Nfd7 12. Be3 Nc5 13. f4 Ned3 14. a3 e5 15. Nde2 exf4 16. gxf4 b6 17. Rb1 d5 18. cxd5 Ba6 19. b4 Bxc3 20. Nxc3 Nxb4 21. axb4 Bxf1 22. Qxf1 Nd7 23. e5 Rc8 24. Nb5 Rc2 25. Nd4 Rc3 26. Nc6 Qh4 27. Qe1 Qxe1+ 28. Rxe1 a5 29. e6 fxe6 30. dxe6 Nb8 31. Ne7+ 1-0